Quiz do Gana - Statistics

Estatísticas Gerais
  • Esse quiz foi jogado 452 vezes
  • A pontuação média é 9 de 16
Estatísticas das Respostas
Dica Resposta % Correto
Países fazendo fronteira com o Gana Costa do Marfim
92%
Língua oficial Inglês
89%
Países fazendo fronteira com o Gana Togo
89%
Seis países europeus colonizaram o Gana. Qual foi o primeiro, em 1481? Portugal
85%
Países fazendo fronteira com o Gana Burkina Faso
82%
Principal linha de longitude em que o Gana se encontra Meridiano de {Greenwich}
76%
Capital Accra
75%
Golfo onde o Gana se encontra Golfo da {Guiné}
73%
Nome colonial do Gana Costa do {Ouro}
60%
... e o segundo maior produtor deste grão Cacau
39%
Gana é o segundo maior produtor deste tubérculo comestível Inhame
39%
Diplomata ganense que liderou a ONU de 1997-2006 Kofi Annan
32%
Segunda maior cidade Kumasi
28%
Rio que atravessa o país Rio Volta
25%
Intelectual afro-americano que emigrou para o Gana W.E.B. {Du} {Bois}
21%
Grupo étnico principal Acãs
18%
Nenhum quiz correspondente encontrado
Distribuição das Pontuações
Porcentagem de Pessoas com Cada Pontuação
Percentil de Números Respondidos
Sua Pontuação Histórica
Você não jogou esse quiz